000 01049nam a22003017a 4500
001 5914
003 FISKH
005 20250506085331.0
008 250206b cb ||||| |||| 00| 0 eng d
020 _a9780545230902
040 _aFISKH
_beng
_cFISKH
_dFISKH
050 _aPZ7.R8139 F
082 _a813.54
100 _aRoy, Ron
_d(1940-)
245 _aCalendar mysteries :
_bFebruary friend /
_cby Ron Roy illustrated by John Steven Gurney
250 _aFirst printing in 2010
260 _aNew York :
_bScholastic,
_c2009.
300 _a69 pages :
_billustrations ;
_c20 cm
505 _aJ
520 _aBradley, Brian, Nate, and Lucy follow clues to find whoever left a rabbit in their first-grade classroom on Valentine's Day, because they are worried the rabbit will get sick and die of loneliness.
521 8 _a470
_bLexile
521 8 _aJ
_bRaz-Plus
650 _2Calendar Mysteries
_aValentine's Day
650 _2Chapter book
_aBeg
700 _aGurney, steven john
_dillustrator
942 _2ddc
_cBK
_n0
999 _c5914
_d5914